[Event "1. Bundesliga 2014/2015"]
[Site "Feffernitz, St. Veit/Glan, Mayrhofen"]
[Date "2015.02.28"]
[Round "7"]
[Board "2"]
[White "Skoberne, Jure"]
[Black "Antal, Gergely"]
[Result "1-0"]
[WhiteElo "2555"]
[BlackElo "2510"]
[PlyCount "59"]
[EventDate "2014.11.20"]
[EventType "team"]
[EventRounds "11"]
[EventCountry "AUT"]
[WhiteTeam "SV Raika Rapid Feffernitz"]
[BlackTeam "ASVOE Wulkaprodersdorf"]

1.d4 Nf6 2.c4 g6 3.g3 c6 4.Bg2 d5 5.Nf3 Bg7 6.Nc3 O-O 7.cxd5 cxd5 8.Ne5 Bf5 9.O-O
Ne4 10.g4 Nxc3 11.bxc3 Be6 12.h3 Nd7 13.f4 Nb6 14.f5 Bd7 15.e4 Bb5 16.Re1 dxe4 17.Bxe4
Rc8 18.a4 Bc6 19.Nxc6 bxc6 20.Ba3 Bf6 21.Kh1 Qc7 22.g5 Bxg5 23.Rg1 Bf6 24.fxg6 fxg6
25.Bxg6 hxg6 26.Rxg6+ Bg7 27.Rxg7+ Kxg7 28.Qg4+ Kf7 29.Qh5+ Ke6 30.Re1+ 1-0

[Event "1. Bundesliga 2014/2015"]
[Site "Feffernitz, St. Veit/Glan, Mayrhofen"]
[Date "2015.02.28"]
[Round "7"]
[Board "3"]
[White "Thiede, Lars"]
[Black "Schreiner, Peter"]
[Result "0-1"]
[WhiteElo "2441"]
[BlackElo "2435"]
[PlyCount "166"]
[EventDate "2014.11.20"]
[EventType "team"]
[EventRounds "11"]
[EventCountry "AUT"]
[WhiteTeam "ASVOE Wulkaprodersdorf"]
[BlackTeam "SV Raika Rapid Feffernitz"]

1.g3 d5 2.Bg2 Nf6 3.Nf3 g6 4.O-O Bg7 5.d3 O-O 6.Nbd2 d4 7.Nc4 Nd5 8.Rb1 c5 9.e4 Nb4
10.a3 N4c6 11.a4 a6 12.Ra1 b6 13.Nfd2 Nd7 14.e5 Qc7 15.f4 Rb8 16.Ne4 b5 17.axb5 axb5
18.Na3 Na5 19.e6 fxe6 20.Ng5 Rf6 21.Qe1 Nf8 22.b4 cxb4 23.Qxb4 Rf5 24.Bd2 Nc6 25.Qb3
Na5 26.Bxa5 Qxa5 27.Bh3 Rc5 28.Ne4 Rd5 29.Nc4 Qc7 30.Ncd2 h6 31.Nf3 Kh7 32.Rf2 b4
33.Nfd2 Ra5 34.Rxa5 Qxa5 35.Nc4 Qb5 36.Rf1 Bb7 37.Bg2 Bd5 38.Ned2 Nd7 39.Ra1 Qb7 40.Ne4
Qb5 41.Ned2 Nc5 42.Qb1 b3 43.cxb3 Nxb3 44.Ra3 Nxd2 45.Qxb5 Rxb5 46.Bxd5 Nb1 47.Bxe6
Nxa3 48.Nxa3 Rb2 49.Bd5 Bf6 50.Nc4 Rc2 51.Be4 Kg7 52.Bf3 g5 53.f5 Kf8 54.Bh5 Rc3 55.Be2
Ke8 56.g4 Kd7 57.Kf2 Kc6 58.Ke1 Kc5 59.Kd2 Rb3 60.Bd1 Rb7 61.Kc2 Ra7 62.Kb2 Ra6 63.Nd2
Be5 64.h3 Bc7 65.Bb3 Kb4 66.Bc4 Ra8 67.Ne4 Be5 68.Be6 Ra7 69.Bd5 Rc7 70.Be6 Bf4 71.Bc4
Rc8 72.Kc2 Ka3 73.f6 exf6 74.Nxf6 Rb8 75.Ng8 Rb6 76.Kd1 Kb4 77.Ke2 Kc3 78.Kf3 Rc6
79.Bb5 Re6 80.Kf2 Kd2 81.Bc4 Re2+ 82.Kf1 Be3 83.Ne7 Rf2+ 0-1

[Event "1. Bundesliga 2014/2015"]
[Site "Feffernitz, St. Veit/Glan, Mayrhofen"]
[Date "2015.02.28"]
[Round "7"]
[Board "4"]
[White "Diermair, Andreas"]
[Black "Volkmann, Friedrich Karl"]
[Result "1-0"]
[WhiteElo "2463"]
[BlackElo "2445"]
[PlyCount "137"]
[EventDate "2014.11.20"]
[EventType "team"]
[EventRounds "11"]
[EventCountry "AUT"]
[WhiteTeam "SV Raika Rapid Feffernitz"]
[BlackTeam "ASVOE Wulkaprodersdorf"]

1.c4 Nf6 2.Nf3 c6 3.Nc3 d5 4.e3 g6 5.d4 Bg7 6.Be2 O-O 7.O-O Be6 8.b3 c5 9.dxc5 Ne4
10.Nxe4 Bxa1 11.Neg5 Na6 12.Nxe6 fxe6 13.Nd4 Nxc5 14.b4 Bxd4 15.Qxd4 Ne4 16.Bb2 Nf6
17.g4 dxc4 18.Bxc4 Kf7 19.Qf4 g5 20.Qf5 Qb6 21.Rc1 Rad8 22.Bxf6 exf6 23.Qxh7+ Ke8
24.Bd3 Rxd3 25.Qxd3 Ke7 26.Rd1 Qc7 27.Qh7+ Rf7 28.Qg6 a6 29.h3 Kf8 30.a3 Ke7 31.a4
Qc6 32.Qd3 Rf8 33.b5 axb5 34.axb5 Qc7 35.b6 Qc6 36.Qa3+ Kf7 37.Rd6 Qc8 38.Kg2 Kg7
39.Qb3 Re8 40.Qd3 Re7 41.Qd4 Qe8 42.Qc4 Kf7 43.Qc5 Qa4 44.Rd4 Qb3 45.Rd8 e5 46.Rc8
Qe6 47.Rc7 Rd7 48.Kg3 Kg6 49.Qc2+ e4 50.Rxd7 Qxd7 51.Qxe4+ Kg7 52.f4 gxf4+ 53.exf4
Kh6 54.h4 Qd1 55.g5+ fxg5 56.hxg5+ Kg7 57.Qxb7+ Kf8 58.Qc8+ Kg7 59.Qc7+ Kg6 60.Qc6+
Kg7 61.Qc3+ Kg8 62.Qe3 Qb1 63.f5 Qxf5 64.b7 Qb5 65.Qe6+ Kg7 66.Qf6+ Kg8 67.Qd8+ Kh7
68.g6+ Kxg6 69.b8=Q 1-0

[Event "1. Bundesliga 2014/2015"]
[Site "Feffernitz, St. Veit/Glan, Mayrhofen"]
[Date "2015.02.28"]
[Round "7"]
[Board "5"]
[White "Wallner, Joachim"]
[Black "Sebenik, Matej"]
[Result "1/2-1/2"]
[WhiteElo "2331"]
[BlackElo "2515"]
[PlyCount "63"]
[EventDate "2014.11.20"]
[EventType "team"]
[EventRounds "11"]
[EventCountry "AUT"]
[WhiteTeam "ASVOE Wulkaprodersdorf"]
[BlackTeam "SV Raika Rapid Feffernitz"]

1.Nf3 Nf6 2.b3 g6 3.Bb2 Bg7 4.c4 O-O 5.g3 d6 6.Bg2 e5 7.O-O Nc6 8.d4 e4 9.Ne1 d5 10.Nc2
Ne7 11.Nc3 Re8 12.Ne3 c6 13.cxd5 Nexd5 14.Nexd5 cxd5 15.Bc1 Be6 16.Bf4 Nh5 17.Be3
f5 18.Qd2 Qd7 19.Rac1 Rac8 20.Na4 b6 21.Rxc8 Rxc8 22.Rc1 Rf8 23.f4 exf3 24.exf3 f4
25.Bf2 fxg3 26.hxg3 Qd6 27.Kh2 Bf6 28.Nc3 a6 29.Re1 Ng7 30.Be3 b5 31.Bf4 Qc6 32.Be5 1/2-1/2

[Event "1. Bundesliga 2014/2015"]
[Site "Feffernitz, St. Veit/Glan, Mayrhofen"]
[Date "2015.02.28"]
[Round "7"]
[Board "6"]
[White "Fauland, Alexander"]
[Black "Mesaros, Florian"]
[Result "1/2-1/2"]
[WhiteElo "2433"]
[BlackElo "2355"]
[PlyCount "109"]
[EventDate "2014.11.20"]
[EventType "team"]
[EventRounds "11"]
[EventCountry "AUT"]
[WhiteTeam "SV Raika Rapid Feffernitz"]
[BlackTeam "ASVOE Wulkaprodersdorf"]

1.b3 d5 2.Bb2 Bg4 3.f3 Bf5 4.e3 e6 5.Ne2 Nf6 6.Nbc3 Bd6 7.g4 Nxg4 8.Ng3 Nxh2 9.Nxf5
exf5 10.Qe2 Nxf1 11.Qxf1 c6 12.Ne2 f6 13.O-O-O Nd7 14.Nd4 g6 15.c4 Qa5 16.Kb1 O-O-O
17.Bc3 Qa6 18.cxd5 Qxf1 19.Rdxf1 cxd5 20.Nb5 Bc5 21.Rc1 Kb8 22.Bxf6 Nxf6 23.Rxc5 a6
24.Nd4 Rc8 25.Rc2 Rxc2 26.Kxc2 Kc7 27.Kd3 Kd6 28.Rc1 h5 29.Rg1 Rh6 30.Ke2 h4 31.Kf2
Nh5 32.Kg2 Ng3 33.f4 Ne4 34.Nf3 h3+ 35.Kh2 a5 36.d3 Nf2 37.Ne5 Ke6 38.Rf1 Ng4+ 39.Nxg4
fxg4 40.e4 d4 41.Rg1 Rh4 42.Kg3 h2 43.Rh1 Rh3+ 44.Kxg4 Rxd3 45.Rxh2 Re3 46.Rh6 Kf6
47.e5+ Kg7 48.Rh1 b6 49.Rc1 Rc3 50.Rd1 d3 51.Kf3 a4 52.bxa4 d2+ 53.Ke2 Rc4 54.Ke3
Rc3+ 55.Ke2 1/2-1/2

[Event "1. Bundesliga 2014/2015"]
[Site "Feffernitz, St. Veit/Glan, Mayrhofen"]
[Date "2015.02.28"]
[Round "7"]
[Board "1"]
[White "Prusikin, Michael"]
[Black "Maslik, Miroslav"]
[Result "1-0"]
[WhiteElo "2536"]
[BlackElo "2365"]
[PlyCount "105"]
[EventDate "2014.11.20"]
[EventType "team"]
[EventRounds "11"]
[EventCountry "AUT"]
[WhiteTeam "SIR Royal Salzburg"]
[BlackTeam "ASVOE Pamhagen"]

1.e4 c5 2.Nf3 d6 3.Bb5+ Bd7 4.c4 Nf6 5.Nc3 g6 6.d4 cxd4 7.Nxd4 Bg7 8.Be3 O-O 9.h3
a6 10.Bxd7 Nfxd7 11.O-O Nc6 12.Rc1 Rc8 13.b3 Re8 14.Re1 Qa5 15.Nxc6 Rxc6 16.Bd4 Bxd4
17.Qxd4 Qc5 18.Qd2 Qa5 19.Qd4 Qc5 20.Qxc5 Rxc5 21.f3 Ne5 22.Red1 g5 23.a4 f6 24.Kf2
Kf7 25.Ke3 h5 26.h4 gxh4 27.Rh1 Rg8 28.Rc2 Nc6 29.Rxh4 Na5 30.b4 Nxc4+ 31.Kd4 Rc6
32.Rxh5 Ne5 33.Rh7+ Kg6 34.Rxe7 a5 35.bxa5 Rgc8 36.Rxb7 Rc4+ 37.Kd5 Rxc3 38.Rxc3 Rxc3
39.a6 Rd3+ 40.Ke6 Rd4 41.a7 Rxa4 42.Kxd6 Kg5 43.Kc7 Ra6 44.Kb8 Nc6+ 45.Ka8 Ra2 46.Rc7
Ne5 47.Kb8 Rb2+ 48.Rb7 Ra2 49.Rb5 Kf4 50.a8=Q Rxa8+ 51.Kxa8 Kg3 52.Rb2 Nd3 53.Rb6 1-0

[Event "1. Bundesliga 2014/2015"]
[Site "Feffernitz, St. Veit/Glan, Mayrhofen"]
[Date "2015.02.28"]
[Round "7"]
[Board "2"]
[White "Vitouch, Anatol"]
[Black "Mons, Leon"]
[Result "0-1"]
[WhiteElo "2336"]
[BlackElo "2446"]
[PlyCount "42"]
[EventDate "2014.11.20"]
[EventType "team"]
[EventRounds "11"]
[EventCountry "AUT"]
[WhiteTeam "ASVOE Pamhagen"]
[BlackTeam "SIR Royal Salzburg"]

1.g3 d5 2.Nf3 c6 3.Bg2 Nf6 4.c4 Bf5 5.cxd5 cxd5 6.Qb3 Nc6 7.Qxb7 Bd7 8.Qb3 e5 9.O-O
Rb8 10.Qd1 e4 11.Ne1 h5 12.d3 h4 13.Nc3 hxg3 14.hxg3 e3 15.Bxe3 d4 16.Bf4 dxc3 17.Bxb8
cxb2 18.Rb1 Qxb8 19.Qc2 Qb5 20.Rxb2 Qh5 21.Nf3 Nd4 0-1

[Event "1. Bundesliga 2014/2015"]
[Site "Feffernitz, St. Veit/Glan, Mayrhofen"]
[Date "2015.02.28"]
[Round "7"]
[Board "3"]
[White "Seyb, Alexander"]
[Black "Jacko, Vladimir"]
[Result "1-0"]
[WhiteElo "2427"]
[BlackElo "2284"]
[PlyCount "87"]
[EventDate "2014.11.20"]
[EventType "team"]
[EventRounds "11"]
[EventCountry "AUT"]
[WhiteTeam "SIR Royal Salzburg"]
[BlackTeam "ASVOE Pamhagen"]

1.e4 c5 2.Nf3 g6 3.d4 cxd4 4.Nxd4 Bg7 5.Nc3 Nc6 6.Be3 Nf6 7.Bc4 O-O 8.Bb3 d6 9.f3
Bd7 10.Qd2 Na5 11.O-O-O Rb8 12.Kb1 b5 13.g4 Nc4 14.Bxc4 bxc4 15.Ka1 Qb6 16.Rb1 Qa5
17.g5 Ne8 18.h4 e5 19.Nde2 Be6 20.h5 Rb4 21.a3 Rb7 22.Rh4 Qa6 23.Na2 Nc7 24.h6 Bh8
25.Nb4 Qa4 26.Nc3 Qd7 27.Rd1 Rd8 28.Nbd5 Nxd5 29.exd5 Bf5 30.Rxc4 Rdb8 31.Rb1 Rc8
32.Rxc8+ Qxc8 33.Ne4 Bxe4 34.fxe4 f5 35.gxf6 Bxf6 36.Rf1 Be7 37.b3 Bf8 38.Qf2 a6 39.Kb2
Qe8 40.c4 Qb8 41.b4 a5 42.b5 Qc8 43.a4 Qe8 44.Qf6 1-0

[Event "1. Bundesliga 2014/2015"]
[Site "Feffernitz, St. Veit/Glan, Mayrhofen"]
[Date "2015.02.28"]
[Round "7"]
[Board "4"]
[White "Kuthan, Andreas"]
[Black "Pitl, Gregory"]
[Result "0-1"]
[WhiteElo "2240"]
[BlackElo "2387"]
[PlyCount "64"]
[EventDate "2014.11.20"]
[EventType "team"]
[EventRounds "11"]
[EventCountry "AUT"]
[WhiteTeam "ASVOE Pamhagen"]
[BlackTeam "SIR Royal Salzburg"]

1.d4 Nf6 2.c4 e6 3.Nc3 Bb4 4.e3 b6 5.Nge2 Ba6 6.a3 Be7 7.Nf4 d5 8.cxd5 Bxf1 9.Kxf1
exd5 10.g4 g5 11.Nh5 Nxh5 12.gxh5 c6 13.Qf3 Na6 14.Bd2 Nc7 15.Rc1 Qd7 16.Ne2 f5 17.Bb4
Bxb4 18.axb4 O-O-O 19.h4 h6 20.Nc3 a6 21.Ke2 f4 22.Rcg1 Qe7 23.Na2 Kb7 24.Kd2 Rdf8
25.hxg5 hxg5 26.Qg2 Ne6 27.Kc3 fxe3 28.fxe3 Nc5 29.bxc5 Qxe3+ 30.Kb4 a5+ 31.Ka4 b5+
32.Kxa5 Ra8+ 0-1

[Event "1. Bundesliga 2014/2015"]
[Site "Feffernitz, St. Veit/Glan, Mayrhofen"]
[Date "2015.02.28"]
[Round "7"]
[Board "5"]
[White "Lauer, Moritz"]
[Black "Prinzjakowitsch, Bernhard"]
[Result "1-0"]
[WhiteElo "2379"]
[BlackElo "2178"]
[PlyCount "91"]
[EventDate "2014.11.20"]
[EventType "team"]
[EventRounds "11"]
[EventCountry "AUT"]
[WhiteTeam "SIR Royal Salzburg"]
[BlackTeam "ASVOE Pamhagen"]

1.e4 e5 2.Nf3 Nc6 3.Bb5 a6 4.Bxc6 dxc6 5.O-O Bg4 6.h3 h5 7.d3 Bxf3 8.Qxf3 Qf6 9.Nd2
Bc5 10.Qxf6 Nxf6 11.Nc4 Nd7 12.Be3 f6 13.Bxc5 Nxc5 14.f4 exf4 15.Rxf4 O-O-O 16.Ne3
Ne6 17.Rf2 c5 18.Nf5 Rhe8 19.h4 g5 20.Ne3 Nf4 21.Kh2 Rd6 22.Raf1 Ree6 23.hxg5 fxg5
24.g3 Ng6 25.Rf5 Re5 26.Rxe5 Nxe5 27.Rf5 Nxd3 28.cxd3 Rxd3 29.Nf1 Rd1 30.Kg2 h4 31.Rf2
Re1 32.Nd2 b5 33.gxh4 gxh4 34.Kf3 Rh1 35.Kg4 Kd7 36.Kf5 h3 37.Nf3 c4 38.e5 Ke7 39.e6
Rd1 40.Ng5 b4 41.Nxh3 Rd5+ 42.Ke4 Ra5 43.Nf4 Rxa2 44.Ke5 c6 45.Ng6+ Ke8 46.Rf8# 1-0

[Event "1. Bundesliga 2014/2015"]
[Site "Feffernitz, St. Veit/Glan, Mayrhofen"]
[Date "2015.02.28"]
[Round "7"]
[Board "6"]
[White "Rusek, Walter"]
[Black "Lammers, Markus"]
[Result "0-1"]
[WhiteElo "1811"]
[BlackElo "2326"]
[PlyCount "114"]
[EventDate "2014.11.20"]
[EventType "team"]
[EventRounds "11"]
[EventCountry "AUT"]
[WhiteTeam "ASVOE Pamhagen"]
[BlackTeam "SIR Royal Salzburg"]

1.d4 d5 2.c4 dxc4 3.Nf3 Nf6 4.e3 e6 5.Bxc4 a6 6.O-O c5 7.dxc5 Qxd1 8.Rxd1 Bxc5 9.Nbd2
Nbd7 10.b3 b6 11.Bb2 Bb7 12.Be2 O-O 13.Nc4 Rfd8 14.Nce5 Nxe5 15.Nxe5 Nd5 16.Nd3 Be7
17.Rac1 Rac8 18.h3 f6 19.Kf1 e5 20.e4 Nb4 21.Nxb4 Bxb4 22.Rxc8 Rxc8 23.Bd3 b5 24.f3
Kf7 25.Rc1 Bc6 26.Ke2 Ke6 27.a4 Kd6 28.axb5 axb5 29.Ra1 Rc7 30.Ra6 Kd7 31.Ra1 Kc8
32.Rc1 Kb7 33.Rc2 Rc8 34.Rc1 Rd8 35.Rd1 Be8 36.Ra1 Bf7 37.Ba3 Bc3 38.Rb1 Ra8 39.Bc1
Ra2+ 40.Kf1 Bd4 41.Be2 Kb6 42.Ke1 Bc3+ 43.Kf1 Bd4 44.Ke1 Bc3+ 45.Kf1 Ka5 46.Be3 Kb4
47.Bf2 Ra3 48.Bd1 Ra1 49.Rxa1 Bxa1 50.Ke2 Bxb3 51.Bc5+ Kc3 52.Bf8 Bc4+ 53.Ke1 Kd3
54.Bxg7 Bc3+ 55.Kf2 Bd4+ 56.Ke1 Bc3+ 57.Kf2 Kd2 0-1

[Event "1. Bundesliga 2014/2015"]
[Site "Feffernitz, St. Veit/Glan, Mayrhofen"]
[Date "2015.03.01"]
[Round "8"]
[Board "1"]
[White "Haba, Petr"]
[Black "Maslik, Miroslav"]
[Result "1/2-1/2"]
[WhiteElo "2512"]
[BlackElo "2365"]
[PlyCount "86"]
[EventDate "2014.11.20"]
[EventType "team"]
[EventRounds "11"]
[EventCountry "AUT"]
[WhiteTeam "Spk. Grieskirchen/Schallerbach"]
[BlackTeam "ASVOE Pamhagen"]

1.d4 Nf6 2.c4 g6 3.f3 c5 4.dxc5 Qa5+ 5.Nc3 Qxc5 6.e4 Bg7 7.Qd3 d6 8.Be3 Qa5 9.Nge2
Nc6 10.Qd2 O-O 11.Nf4 e5 12.Nfd5 Nxd5 13.Nxd5 Qxd2+ 14.Kxd2 Be6 15.Bd3 Rac8 16.Rhc1
f5 17.Rc3 Rf7 18.b4 Nd4 19.Ra3 Bxd5 20.cxd5 a6 21.Rc1 Rxc1 22.Kxc1 Rc7+ 23.Kd2 fxe4
24.fxe4 Bf6 25.Rc3 Bd8 26.a4 Rxc3 27.Kxc3 a5 28.Bxd4 axb4+ 29.Kxb4 exd4 30.e5 Bc7
31.exd6 Bxd6+ 32.Kb5 Bc7 33.Kc5 Kf7 34.d6 Ba5 35.Bc4+ Ke8 36.Kxd4 Kd7 37.Kd5 Bd2 38.Bb5+
Kd8 39.Ke5 Be3 40.h3 h5 41.h4 Bf2 42.Kf6 Bxh4+ 43.Kxg6 Bg3 1/2-1/2

[Event "1. Bundesliga 2014/2015"]
[Site "Feffernitz, St. Veit/Glan, Mayrhofen"]
[Date "2015.03.01"]
[Round "8"]
[Board "2"]
[White "Vitouch, Anatol"]
[Black "Kilgus, Georg"]
[Result "0-1"]
[WhiteElo "2336"]
[BlackElo "2429"]
[PlyCount "76"]
[EventDate "2014.11.20"]
[EventType "team"]
[EventRounds "11"]
[EventCountry "AUT"]
[WhiteTeam "ASVOE Pamhagen"]
[BlackTeam "Spk. Grieskirchen/Schallerbach"]

1.c4 g6 2.g3 Bg7 3.Bg2 e5 4.Nc3 Nf6 5.e4 d6 6.Nge2 O-O 7.O-O Nbd7 8.d3 c6 9.h3 a6
10.Be3 b5 11.Qd2 Re8 12.b3 Bb7 13.f4 exf4 14.gxf4 b4 15.Na4 c5 16.Rae1 Bc6 17.Nb2
a5 18.Ng3 a4 19.bxa4 Nb6 20.e5 Bxg2 21.Qxg2 Nfd7 22.Ne4 dxe5 23.f5 Nxa4 24.Nxa4 Rxa4
25.Bxc5 Nxc5 26.Nxc5 Ra3 27.Re2 Qd4+ 28.Qf2 Qxf2+ 29.Rfxf2 Rd8 30.f6 Bf8 31.Rxe5 Ra5
32.Nd7 Rxe5 33.Nxe5 Bc5 34.Kg2 Bxf2 35.Kxf2 Ra8 36.Ke3 Rxa2 37.Kd4 Rc2 38.c5 b3 0-1

[Event "1. Bundesliga 2014/2015"]
[Site "Feffernitz, St. Veit/Glan, Mayrhofen"]
[Date "2015.03.01"]
[Round "8"]
[Board "3"]
[White "Schwabeneder, Florian"]
[Black "Jacko, Vladimir"]
[Result "1-0"]
[WhiteElo "2320"]
[BlackElo "2284"]
[PlyCount "93"]
[EventDate "2014.11.20"]
[EventType "team"]
[EventRounds "11"]
[EventCountry "AUT"]
[WhiteTeam "Spk. Grieskirchen/Schallerbach"]
[BlackTeam "ASVOE Pamhagen"]

1.e4 e5 2.Nf3 d6 3.d4 exd4 4.Nxd4 Nf6 5.Nc3 Be7 6.Bf4 O-O 7.Qd2 c6 8.O-O-O b5 9.f3
b4 10.Nb1 a5 11.g4 a4 12.Nf5 Bxf5 13.gxf5 a3 14.b3 d5 15.e5 Nh5 16.Be3 Nd7 17.f4 Re8
18.Rg1 Bf8 19.Be2 Nxf4 20.Bxf4 Nxe5 21.Bg5 f6 22.Bf4 Qd7 23.Bxe5 fxe5 24.Bh5 Red8
25.Qg5 Kh8 26.f6 g6 27.Bg4 Qf7 28.Rgf1 e4 29.h4 h5 30.Be2 Rd6 31.Nd2 Kh7 32.Kb1 Re8
33.Qe3 Rxf6 34.Qd4 Ree6 35.Nxe4 dxe4 36.Bc4 Rxf1 37.Rxf1 Qxf1+ 38.Bxf1 Rd6 39.Qa7+
Bg7 40.Be2 Rf6 41.Qe7 Rf4 42.Kc1 e3 43.Kd1 c5 44.Bd3 Rg4 45.Ke2 Rg3 46.Qxc5 Rg4 47.Qxh5+ 1-0

[Event "1. Bundesliga 2014/2015"]
[Site "Feffernitz, St. Veit/Glan, Mayrhofen"]
[Date "2015.03.01"]
[Round "8"]
[Board "4"]
[White "Kuthan, Andreas"]
[Black "Singer, Christoph"]
[Result "0-1"]
[WhiteElo "2240"]
[BlackElo "2358"]
[PlyCount "70"]
[EventDate "2014.11.20"]
[EventType "team"]
[EventRounds "11"]
[EventCountry "AUT"]
[WhiteTeam "ASVOE Pamhagen"]
[BlackTeam "Spk. Grieskirchen/Schallerbach"]

1.d4 d5 2.c4 e6 3.Nc3 Be7 4.cxd5 exd5 5.Bf4 Nf6 6.e3 O-O 7.Bd3 c6 8.Qc2 Nbd7 9.h3
Re8 10.Nf3 Nf8 11.O-O Ng6 12.Bh2 Bd6 13.Bxd6 Qxd6 14.Rab1 Qe7 15.b4 a6 16.a4 Ne4 17.Bxe4
dxe4 18.Nd2 f5 19.Ne2 Be6 20.Qc5 Qf6 21.Rfc1 Bd5 22.b5 axb5 23.axb5 f4 24.bxc6 bxc6
25.Nc3 Rad8 26.Rb6 fxe3 27.fxe3 Qg5 28.Nf1 Nh4 29.Rc2 Rf8 30.Rxc6 Nf3+ 31.Kh1 Bxc6
32.Qxc6 Ne1 33.Qc4+ Kh8 34.Rb2 Nd3 35.Rb1 Rf2 0-1

[Event "1. Bundesliga 2014/2015"]
[Site "Feffernitz, St. Veit/Glan, Mayrhofen"]
[Date "2015.03.01"]
[Round "8"]
[Board "5"]
[White "Lentrodt, Thomas"]
[Black "Prinzjakowitsch, Bernhard"]
[Result "1-0"]
[WhiteElo "2271"]
[BlackElo "2178"]
[PlyCount "72"]
[EventDate "2014.11.20"]
[EventType "team"]
[EventRounds "11"]
[EventCountry "AUT"]
[WhiteTeam "Spk. Grieskirchen/Schallerbach"]
[BlackTeam "ASVOE Pamhagen"]

1.d4 Nf6 2.c4 e6 3.Nc3 d5 4.cxd5 exd5 5.Bg5 c6 6.e3 Be7 7.Bd3 O-O 8.Nge2 h6 9.Bh4
Re8 10.Qc2 Nbd7 11.O-O b6 12.f3 c5 13.Bb5 g5 14.Bc6 gxh4 15.Bxa8 Nb8 16.Rad1 cxd4
17.Nxd4 Bc5 18.Rfe1 Re5 19.Kh1 Bd7 20.e4 Na6 21.Nxd5 Nxd5 22.Bxd5 Nb4 23.Qc4 Nxd5
24.exd5 Qe7 25.Rxe5 Qxe5 26.Ne2 Bd6 27.f4 Qxb2 28.Ng1 b5 29.Qd4 Qxd4 30.Rxd4 b4 31.Nf3
a5 32.Ne5 Bf5 33.Nc4 Bc5 34.Rd2 h3 35.d6 Be4 36.d7 hxg2+ 1-0

[Event "1. Bundesliga 2014/2015"]
[Site "Feffernitz, St. Veit/Glan, Mayrhofen"]
[Date "2015.03.01"]
[Round "8"]
[Board "6"]
[White "Rusek, Walter"]
[Black "Obermayr, Hermann"]
[Result "1-0"]
[WhiteElo "1811"]
[BlackElo "2182"]
[PlyCount "99"]
[EventDate "2014.11.20"]
[EventType "team"]
[EventRounds "11"]
[EventCountry "AUT"]
[WhiteTeam "ASVOE Pamhagen"]
[BlackTeam "Spk. Grieskirchen/Schallerbach"]

1.d4 e6 2.c4 f5 3.g3 Nf6 4.Bg2 c6 5.b3 d5 6.Nf3 Bd6 7.O-O Qe7 8.Bb2 b6 9.Nbd2 Bb7
10.Ne5 a5 11.Ndf3 O-O 12.Qc2 Na6 13.Nd3 Rfd8 14.Nfe5 Rac8 15.Rac1 c5 16.Qb1 Ne4 17.Rfd1
Bb8 18.cxd5 exd5 19.e3 Ba7 20.Qa1 Nc7 21.Nf4 Rd6 22.h4 Rcd8 23.Bh3 Rf8 24.Ba3 Nb5
25.Bb2 Nc7 26.Ba3 Na6 27.Bg2 Rfd8 28.Bh3 Rf8 29.Bg2 Nb4 30.Nfd3 Rc8 31.Bb2 Ba6 32.Nxb4
axb4 33.a3 bxa3 34.Bxa3 Bb5 35.Qb2 Rdd8 36.Nd3 Bxd3 37.Rxd3 Qe6 38.dxc5 bxc5 39.Qe2
Bb6 40.Bxe4 fxe4 41.Rdc3 Rb8 42.Bxc5 Bxc5 43.Rxc5 Rxb3 44.Qd1 Rd3 45.Qe2 Qh3 46.Rc7
h6 47.Qh5 Qe6 48.R1c6 Rd6 49.Rxd6 Qxd6 50.Qf7+ 1-0

[Event "1. Bundesliga 2014/2015"]
[Site "Feffernitz, St. Veit/Glan, Mayrhofen"]
[Date "2015.03.01"]
[Round "8"]
[Board "1"]
[White "Lenic, Luka"]
[Black "Prusikin, Michael"]
[Result "1-0"]
[WhiteElo "2648"]
[BlackElo "2536"]
[PlyCount "85"]
[EventDate "2014.11.20"]
[EventType "team"]
[EventRounds "11"]
[EventCountry "AUT"]
[WhiteTeam "SV Raika Rapid Feffernitz"]
[BlackTeam "SIR Royal Salzburg"]

1.Nf3 d5 2.g3 Nc6 3.Bg2 e5 4.d3 f6 5.c3 Be6 6.Qb3 Qc8 7.O-O Nge7 8.Qa4 g5 9.e4 dxe4
10.dxe4 Ng6 11.Nbd2 g4 12.Ne1 a6 13.b4 h5 14.Nc2 b5 15.Qa3 h4 16.Ne3 a5 17.Nd5 Kf7
18.Qb2 axb4 19.Nb3 Bd6 20.Be3 Na5 21.Nxa5 Rxa5 22.cxb4 Ra4 23.Rfd1 Bxd5 24.Rxd5 Rxb4
25.Qd2 Qa6 26.Bc5 Bxc5 27.Rxc5 Rc4 28.Rxc4 bxc4 29.Rc1 hxg3 30.hxg3 Qa3 31.Rxc4 Ne7
32.Rxc7 Rc8 33.Rxc8 Nxc8 34.Qd5+ Ke7 35.Qb7+ Kd8 36.Qg7 Qxa2 37.Qxf6+ Ne7 38.Qd6+
Ke8 39.Qxe5 Qe2 40.Qf6 Qe1+ 41.Kh2 Ng8 42.Qg6+ Kf8 43.Qf5+ 1-0

[Event "1. Bundesliga 2014/2015"]
[Site "Feffernitz, St. Veit/Glan, Mayrhofen"]
[Date "2015.03.01"]
[Round "8"]
[Board "2"]
[White "Mons, Leon"]
[Black "Skoberne, Jure"]
[Result "1-0"]
[WhiteElo "2446"]
[BlackElo "2555"]
[PlyCount "43"]
[EventDate "2014.11.20"]
[EventType "team"]
[EventRounds "11"]
[EventCountry "AUT"]
[WhiteTeam "SIR Royal Salzburg"]
[BlackTeam "SV Raika Rapid Feffernitz"]

1.e4 c5 2.Nf3 e6 3.d4 cxd4 4.Nxd4 a6 5.c4 Nf6 6.Nc3 Qc7 7.a3 b6 8.Be2 Bb7 9.f3 Nc6
10.Be3 Nxd4 11.Qxd4 Bc5 12.Qd2 O-O 13.Bf4 e5 14.Be3 Nh5 15.g3 g6 16.O-O-O Bc6 17.Kb1
Rfb8 18.Nd5 Bxd5 19.cxd5 Bxe3 20.Qxe3 b5 21.Rc1 Qb6 22.Rc8+ 1-0

[Event "1. Bundesliga 2014/2015"]
[Site "Feffernitz, St. Veit/Glan, Mayrhofen"]
[Date "2015.03.01"]
[Round "8"]
[Board "3"]
[White "Schreiner, Peter"]
[Black "Seyb, Alexander"]
[Result "1/2-1/2"]
[WhiteElo "2435"]
[BlackElo "2427"]
[PlyCount "61"]
[EventDate "2014.11.20"]
[EventType "team"]
[EventRounds "11"]
[EventCountry "AUT"]
[WhiteTeam "SV Raika Rapid Feffernitz"]
[BlackTeam "SIR Royal Salzburg"]

1.c4 c6 2.Nf3 Nf6 3.Nc3 d5 4.e3 a6 5.b3 g6 6.Bb2 Bg7 7.Be2 O-O 8.O-O Re8 9.d4 Bg4
10.h3 Bxf3 11.Bxf3 b5 12.cxd5 cxd5 13.b4 e6 14.a4 Nc6 15.axb5 Nxb4 16.Be2 Qb8 17.Ba3
a5 18.Qb3 Bf8 19.Na4 Ne4 20.Rfc1 Bd6 21.Bxb4 axb4 22.Ra2 Rxa4 23.Qxa4 Nc3 24.Rxc3
bxc3 25.Qb3 Rc8 26.b6 c2 27.Rxc2 Rxc2 28.Qxc2 Qxb6 29.g3 Qc7 30.Qxc7 Bxc7 31.Kg2 1/2-1/2

[Event "1. Bundesliga 2014/2015"]
[Site "Feffernitz, St. Veit/Glan, Mayrhofen"]
[Date "2015.03.01"]
[Round "8"]
[Board "4"]
[White "Pitl, Gregory"]
[Black "Diermair, Andreas"]
[Result "0-1"]
[WhiteElo "2387"]
[BlackElo "2463"]
[PlyCount "86"]
[EventDate "2014.11.20"]
[EventType "team"]
[EventRounds "11"]
[EventCountry "AUT"]
[WhiteTeam "SIR Royal Salzburg"]
[BlackTeam "SV Raika Rapid Feffernitz"]

1.e4 e5 2.Nf3 Nc6 3.Bc4 Bc5 4.c3 Nf6 5.d3 O-O 6.O-O d5 7.exd5 Nxd5 8.Re1 Bg4 9.h3
Bh5 10.Nbd2 Nb6 11.Bb5 Bd6 12.Ne4 f5 13.Ng3 Bxf3 14.Qxf3 Qd7 15.Bxc6 bxc6 16.Nf1 Rae8
17.Be3 Kh8 18.Rad1 c5 19.Bc1 c4 20.dxc4 Nxc4 21.Qe2 Qc6 22.b3 Nb6 23.c4 Nd7 24.Rd5
Nf6 25.Rdd1 e4 26.Bb2 Bb4 27.Nd2 a5 28.a3 Bc5 29.Nf1 f4 30.Qc2 Qe6 31.Qc3 Qb6 32.Re2
Re7 33.Nh2 e3 34.f3 Nh5 35.Nf1 c6 36.Rb1 Rd8 37.b4 axb4 38.axb4 Bxb4 39.Qc2 Qc5 40.Ba1
Kg8 41.Kh2 Ng3 42.Nxg3 fxg3+ 43.Kh1 Rd2 0-1

[Event "1. Bundesliga 2014/2015"]
[Site "Feffernitz, St. Veit/Glan, Mayrhofen"]
[Date "2015.03.01"]
[Round "8"]
[Board "5"]
[White "Sebenik, Matej"]
[Black "Lauer, Moritz"]
[Result "1-0"]
[WhiteElo "2515"]
[BlackElo "2379"]
[PlyCount "109"]
[EventDate "2014.11.20"]
[EventType "team"]
[EventRounds "11"]
[EventCountry "AUT"]
[WhiteTeam "SV Raika Rapid Feffernitz"]
[BlackTeam "SIR Royal Salzburg"]

1.Nf3 Nf6 2.d4 e6 3.g3 b5 4.Bg2 Bb7 5.Bg5 c5 6.c3 cxd4 7.Bxf6 Qxf6 8.cxd4 Bb4+ 9.Nc3
Bxc3+ 10.bxc3 a6 11.O-O O-O 12.a4 bxa4 13.Qb1 Ra7 14.Qb6 Nc6 15.Ne5 Qd8 16.Rfb1 Qxb6
17.Rxb6 Nxe5 18.Rxb7 Rxb7 19.Bxb7 Rb8 20.Bxa6 Nc6 21.Rxa4 d5 22.Bd3 g6 23.Ra6 Rc8
24.f3 Ne7 25.Ra3 Nf5 26.Kf2 Kg7 27.e4 Nd6 28.Ke3 Nc4+ 29.Bxc4 Rxc4 30.Kd3 Rc7 31.exd5
exd5 32.Ra6 Rb7 33.Ra5 Rd7 34.g4 Kf6 35.h4 h6 36.Ra6+ Ke7 37.h5 gxh5 38.gxh5 f6 39.f4
Rb7 40.f5 Rb1 41.Re6+ Kd7 42.Rxf6 Rf1 43.Kc2 Ke7 44.Re6+ Kd7 45.Rxh6 Rxf5 46.Rh8 Kc6
47.h6 Rh5 48.Kb3 Rh1 49.h7 Kb7 50.Kb4 Rh3 51.Kb5 Ka7 52.c4 dxc4 53.Kxc4 Rh5 54.d5
Kb7 55.d6 1-0